000 00414nab a2200145Ia 4500
003 ES-SlBCS
005 20210601124056.0
008 140529s1982 xxu||||| |||| 00| 0 eng d
041 _aeng
100 1 _aGood, Robert M.
_9134830
245 0 0 _aZechariah's Second Night Vision
_c Robert M. Good
650 0 4 _aZacarías-Visión
_9134831
773 0 _tBiblica
_gvol. 63, nº. 1, 1982, págs. 56-59
_wRev78
942 _cAR
999 _c508859
_d508859